Detalles MARC
| 000 -LEADER |
| fixed length control field |
02094nam a2200301 a 4500 |
| 001 - CONTROL NUMBER |
| control field |
000000793 |
| 003 - CONTROL NUMBER IDENTIFIER |
| control field |
DO-SdBNP |
| 005 - DATE AND TIME OF LATEST TRANSACTION |
| control field |
20230922105452.0 |
| 008 - FIXED-LENGTH DATA ELEMENTS--GENERAL INFORMATION |
| fixed length control field |
090509s2003 dr r 001 0 spa d |
| 020 ## - INTERNATIONAL STANDARD BOOK NUMBER |
| Canceled/invalid ISBN |
9993425451 |
| 040 ## - CATALOGING SOURCE |
| Original cataloging agency |
DO-SdBNP |
| Language of cataloging |
spa |
| Transcribing agency |
BPMSU |
| 082 #4 - DEWEY DECIMAL CLASSIFICATION NUMBER |
| Classification number |
362.8292 |
| Item number |
P762m 2003 |
| Edition number |
22 |
| 100 1# - MAIN ENTRY--PERSONAL NAME |
| Personal name |
Pola Zapico, María Jesús |
| 245 13 - TITLE STATEMENT |
| Title |
La mujer dominicana en la relación de pareja : |
| Remainder of title |
respuesta de la justicia a la violencia de género / |
| Statement of responsibility, etc. |
María Jesús Pola Zapico ; prólogo Lourdes Contreras. |
| 260 ## - PUBLICATION, DISTRIBUTION, ETC. (IMPRINT) |
| Place of publication, distribution, etc. |
Santo Domingo : |
| Name of publisher, distributor, etc. |
INTEC, |
| Date of publication, distribution, etc. |
2003. |
| 300 ## - PHYSICAL DESCRIPTION |
| Extent |
xi, 155 p. ; |
| Dimensions |
23 cm. |
| 504 ## - BIBLIOGRAPHY, ETC. NOTE |
| Bibliography, etc |
Incluye referencias bibliográficas y notas al pie de las páginas |
| 505 0# - FORMATTED CONTENTS NOTE |
| Title |
Prólogo -- |
| -- |
Introducción -- |
| -- |
La mujer como sujeto de violencia en la familia -- |
| -- |
La familia y sus trampas -- |
| -- |
Tradiciones y mitos -- |
| -- |
Espacio privado -- |
| -- |
El ciclo de la violencia -- |
| -- |
El síndrome de estocolmo -- |
| -- |
El síndrome de la mujer maltratada -- |
| -- |
El feminicidio y el suicidio del feminicida -- |
| -- |
Legislación y la mujer en situación de violencia de pareja -- |
| -- |
El género en el derecho -- |
| -- |
Marco de derecho internacional -- |
| -- |
Violaciones al derecho a la integridad personal -- |
| -- |
Violaciones al derecho a la libertad -- |
| -- |
Violaciones al derecho a la igualdad -- |
| -- |
Respuesta del sistema de derecho a la reforma legal en la República Dominicana -- |
| -- |
Ley 24-97, sobre violencia intrafamiliar -- |
| -- |
La normativa -- |
| -- |
La estructura -- |
| -- |
Lo político cultural: conocimientos, prácticas y actitudes del sistema operativo de la justicia -- |
| -- |
Entrevista en el distrito judicial de Santiago, en el sistema penal -- |
| -- |
Conclusión -- |
| -- |
Bibliografía general -- |
| -- |
Anexos |
| 590 ## - LOCAL NOTE (RLIN) |
| Local note |
Inventariado, 2023/VM |
| 650 #4 - SUBJECT ADDED ENTRY--TOPICAL TERM |
| Topical term or geographic name as entry element |
Violencia conyugal |
| General subdivision |
Legislación |
| Geographic subdivision |
República Dominicana |
| 650 #4 - SUBJECT ADDED ENTRY--TOPICAL TERM |
| Topical term or geographic name as entry element |
Violencia conyugal |
| Geographic subdivision |
República Dominicana |
| 650 #4 - SUBJECT ADDED ENTRY--TOPICAL TERM |
| Topical term or geographic name as entry element |
Derechos de la mujer |
| Geographic subdivision |
República Dominicana |
| 650 #4 - SUBJECT ADDED ENTRY--TOPICAL TERM |
| Topical term or geographic name as entry element |
Violencia familiar |
| Geographic subdivision |
República Dominicana |
| 700 1# - ADDED ENTRY--PERSONAL NAME |
| Personal name |
Contreras, Lourdes |
| Relator term |
pról. |
| 710 2# - ADDED ENTRY--CORPORATE NAME |
| Corporate name or jurisdiction name as entry element |
Instituto Tecnológico de Santo Domingo |
| 910 ## - USER-OPTION DATA (OCLC) |
| User-option data |
VMateo V.Control de calidad BPMSU |
| 942 ## - ADDED ENTRY ELEMENTS (KOHA) |
| Source of classification or shelving scheme |
Dewey Decimal Classification |
| Koha item type |
Libros |